| 000 | 00869cam a2200229 4500 | ||
|---|---|---|---|
| 008 | 090401t1992 xxu||||| |||| 00| 0 eng d | ||
| 020 | _a1853800570 | ||
| 035 | _a(Sirsi) u41455 | ||
| 041 | _aeng | ||
| 050 | _a658.404 | ||
| 110 |
_aChartered Institute of Building _92134 |
||
| 245 | _aCode of practice for project management for construction and development. | ||
| 260 |
_aAscot, Berks. _bChartered Institute of Building _c1992 |
||
| 300 | _axvi,171p. ; 30cm. | ||
| 350 | _a0 | ||
| 520 | _aCode developed by a working group which included representatives from the RICS, RIBA, Institution of Structural Engineers, Institution of Civil Engineers and Chartered Institution of Building Services Engineers. | ||
| 650 | _aBUILDING INDUSTRY | ||
| 650 | _aMANAGEMENT-PROJECT MANAGEMENT | ||
| 690 |
_aProject management _96261 |
||
| 942 | _n0 | ||
| 948 | _c04/03/1997 | ||
| 999 |
_c90938 _d90938 |
||